00325nam a22001217a 4500999001900000040000800019082001200027100002600039245002400065300001000089942001200099952009200111 c533688d533688 cdlc a823.914 aSusan Howatch 927483 aThe Wheel of Future a977;p 2ddccBK 00102ddc4070aNITbNITd2020-01-16l0o823.914pNIT-9281r2020-01-16w2020-01-16yBK